K riadeniu úverového rizika

Hodnotenie bonity klienta. Účelom hodnotenia bonity klienta je analýza všetkých rizík, ktoré vznikajú banke so vznikom a trvaním úverového vzťahu zo strany úverového žiadateľa a zabezpečiť sa proti riziku, že klient nebude schopný splácať svoje záväzky voči banke. Banka musí reálne zhodnotiť, či kli...

Descrizione completa

Salvato in:
Dettagli Bibliografici
Autore principale: Poláková, Petra
Natura: Capitolo di libro
Lingua:slovacco
Soggetti:
Tags: Aggiungi Tag
Nessun Tag, puoi essere il primo ad aggiungerne!!

MARC

LEADER 00000nla a2200000 4500
001 0182756
005 20240208121010.4
041 0 |a slo 
044 |a SK 
245 1 0 |a K riadeniu úverového rizika  |c Petra Poláková 
520 |a Hodnotenie bonity klienta. Účelom hodnotenia bonity klienta je analýza všetkých rizík, ktoré vznikajú banke so vznikom a trvaním úverového vzťahu zo strany úverového žiadateľa a zabezpečiť sa proti riziku, že klient nebude schopný splácať svoje záväzky voči banke. Banka musí reálne zhodnotiť, či klient splatí úver v dohodnutom termíne. Cieľom je odhadnúť rozsah rizika a následne zredukovať mieru neistoty pri splácaní úveru. Na základe zistených výsledkov banka rozhodne či a za akých podmienok úver poskytne. 
610 2 0 |a riziko úverové 
610 2 0 |a bonita 
610 2 0 |a klienti 
610 2 0 |a banky 
100 1 |a Poláková, Petra